|
|
|
|
| LEADER |
00000nam a2200000 a 4500 |
| 001 |
vtls001427438 |
| 003 |
SK-MaSNL |
| 005 |
20260426001802.0 |
| 008 |
240318s1972 xo h 0 00 slo |
| 015 |
|
|
|a SNBD2014
|
| 035 |
|
|
|a SNK000382404
|
| 040 |
|
|
|a SNK
|b slo
|c SNK
|e AACR2
|
| 041 |
|
|
|a slo
|
| 043 |
|
|
|a e-xo---
|
| 044 |
|
|
|a xo
|c SK
|
| 072 |
|
7 |
|a 655
|x Polygrafia. Vydavateľstvá a knižný obchod
|2 konspekt
|
| 072 |
|
7 |
|a 094
|x Staré tlače
|2 konspekt
|
| 080 |
|
|
|a 655.322(091)
|2 2001
|
| 080 |
|
|
|a (043)378.2
|2 2001
|
| 080 |
|
|
|a (437.6)
|2 2001
|
| 080 |
|
|
|a 094(=162.4)
|2 2001
|
| 100 |
1 |
|
|a Kerlik, Peter,
|d 1946-2016
|4 aut
|9 56084
|
| 245 |
1 |
0 |
|a Slovenské tlače Jezuitskej kníhtlačiarne v Košiciach
|b (diplomová práca)
|c diplomant: Peter Kerlik
|
| 260 |
|
|
|a V Bratislave
|b FFUK, Katedra knihovedy a VI
|c 1972
|
| 300 |
|
|
|a 78 s.
|b faksim.
|c 30 cm
|
| 502 |
|
|
|a Diplomová práca (Mgr.). - Univerzita Komenského (Bratislava, Slovensko). Filozofická fakulta. Katedra knihovedy a vedeckých informácií
|
| 504 |
|
|
|a Obsahuje zoznam použ. lit.
|
| 610 |
2 |
7 |
|a Jezuitská kníhtlačiareň (Košice, Slovensko)
|2 SNKPH
|9 584948
|
| 648 |
|
7 |
|a 18. stor.
|2 SNKPH
|9 283423
|
| 648 |
|
7 |
|a 18th century
|2 SNKPHeng
|9 305753
|
| 650 |
0 |
7 |
|a kníhtlač
|2 SNKPH
|9 30985
|
| 650 |
0 |
7 |
|a Letterpress printing
|2 SNKPHeng
|9 277913
|
| 650 |
0 |
7 |
|a History of letterpress printing
|2 SNKPHeng
|9 289085
|
| 650 |
0 |
7 |
|a dejiny kníhtlače
|2 SNKPH
|9 25937
|
| 650 |
0 |
7 |
|a slovenské staré tlače
|2 SNKPH
|9 101597
|
| 650 |
0 |
7 |
|a Slovak old prints
|2 SNKPHeng
|9 287786
|
| 651 |
|
7 |
|a Slovensko
|2 SNKPH
|9 14231
|
| 651 |
|
7 |
|a Slovakia
|2 SNKPHeng
|9 92630
|
| 655 |
|
7 |
|a diplomové práce
|2 SNKPH
|9 70156
|
| 655 |
|
7 |
|a Master's theses
|2 SNKPHeng
|9 289089
|
| 710 |
2 |
|
|a Univerzita Komenského v Bratislave.
|b Filozofická fakulta.
|b Katedra knihovedy a vedeckých informácií
|4 dgg
|9 167099
|
| 752 |
|
|
|a Slovensko
|d Bratislava
|
| 958 |
|
|
|a OND
|
| 958 |
|
|
|a KL
|
| 958 |
|
|
|a NB
|
| 999 |
|
|
|c 899583
|d 901513
|
| 952 |
|
|
|a SNK
|b SNK
|y PREZ
|7 0
|p 17A0329215
|o snkDIP 598
|i snk2013/25137
|8 5
|0 0
|1 0
|4 0
|d 2002-01-21
|l 0
|r 2005-01-02 00:00:00
|w 2026-02-24
|